Kapital und Zins Die Polemik zwischen Bastiat und Proudhon

Guardado en:
Detalles Bibliográficos
Formato: Libro
Lenguaje:alemán
Publicado: Jena Gustav Fischer 1896
Etiquetas: Agregar Etiqueta
Sin Etiquetas, Sea el primero en etiquetar este registro!

MARC

LEADER 00000nam a2200000 4500
001 0303117
005 20240718102706.5
041 0 |a ger 
044 |a DE 
245 1 0 |a Kapital und Zins  |b Die Polemik zwischen Bastiat und Proudhon  |c Arthur Mülberger 
264 1 |a Jena  |b Gustav Fischer  |c 1896